Changing lifeways along the Guadalupe Basin in south Texas : the results of National Register testing of a stratified multicomponent prehistoric site, 41DW277, DeWitt County, Texas, public version /

Bibliographic Details
Main Authors: Bonine, Mindy L. (Author), Feit, Rachel (Author, co-principal investigator.), Padilla, Antonio E. (Author)
Corporate Authors: AmaTerra Environmental, Inc, Texas. Department of Transportation. Environmental Affairs Division
Other Authors: Howells, Robert G. (Contributor), Bush, Leslie L. (Contributor), Bettis, Allen Clair, 1959- (co-principal investigator.)
Format: Government Document Book
Language:English
Published: Austin, Texas : Texas Department of Transportation, Environmental Affairs Division, Archeological Studies Program, 2013.
Series:Report (Texas. Department of Transportation. Archeology Studies Program) ; no. 143.
Subjects:

MARC

Tag First Indicator Second Indicator Subfields
LEADER 00000cam a2200000Ii 4500
001 in00003385965
005 20151206084539.0
008 130904t20132013txuab b s000 0 eng d
020 |a 9781935545095  |z 97819355450905 
020 |a 1935545094 
035 |a (OCoLC)ocn859338837 
035 |a (OCoLC)859338837 
040 |a IKM  |b eng  |e rda  |c IKM  |d TXA  |d UtOrBLW 
043 |a n-us-tx 
049 |a TXAM 
050 4 |a E78.T4  |b B66 2013 
086 |a A1900.7 P422 NO.5460  |2 txdocs 
100 1 |a Bonine, Mindy L.,  |e author. 
245 1 0 |a Changing lifeways along the Guadalupe Basin in south Texas :  |b the results of National Register testing of a stratified multicomponent prehistoric site, 41DW277, DeWitt County, Texas, public version /  |c by Mindy Bonine, Rachel Feit, and Antonio E. Padilla ; with contributions by Robert Howells and Leslie L. Bush ; Rachel Feit and Allen Bettis, co-principal investigators. 
264 1 |a Austin, Texas :  |b Texas Department of Transportation, Environmental Affairs Division, Archeological Studies Program,  |c 2013. 
264 4 |c © 2013 
300 |a 1 volume (various pagings) :  |b color illustrations, color maps ;  |c 28 cm. 
336 |a text  |b txt  |2 rdacontent 
337 |a unmediated  |b n  |2 rdamedia 
338 |a volume  |b nc  |2 rdacarrier 
490 1 |a Archeological studies program report ;  |v no. 143 
500 |a "February 2013." 
500 |a "Texas antiquities permit 5460." 
500 |a "AmaTerra project number 062-034."--Verso title page. 
500 |a "CSJ: 0154-03-027." 
504 |a Includes bibliographical references. 
650 0 |a Indians of North America  |z Texas  |z De Witt County  |x Antiquities. 
650 0 |a Archaeological surveying  |z Texas  |z De Witt County. 
650 0 |a Excavations (Archaeology)  |z Texas  |z De Witt County. 
651 0 |a De Witt County (Tex.)  |x Antiquities. 
700 1 |a Feit, Rachel,  |e author,  |e co-principal investigator. 
700 1 |a Padilla, Antonio E.,  |e author. 
700 1 |a Howells, Robert G.,  |e contributor. 
700 1 |a Bush, Leslie L.,  |e contributor. 
700 1 |a Bettis, Allen Clair,  |d 1959-  |e co-principal investigator. 
710 2 |a AmaTerra Environmental, Inc. 
710 1 |a Texas.  |b Department of Transportation.  |b Environmental Affairs Division. 
830 0 |a Report (Texas. Department of Transportation. Archeology Studies Program) ;  |v no. 143. 
949 |a updated  |b h  |c 2013/11/5  |e mwilson  |f 5:49:12 pm 
994 |a C0  |b TXA 
999 |a MARS 
999 f f |s 1e19a289-2071-30c2-bf62-e1b8f3f4bee4  |i 0d97c0ef-8129-3b2b-a30d-89feeddea43a  |t 0 
952 f f |p ric  |a Texas A&M University  |b Rellis Campus  |c Joint Library Facility  |d Remote Storage  |t 0  |e E78.T4 B66 2013  |h Library of Congress classification  |i unmediated -- volume  |m A14841944573 
998 f f |a E78.T4 B66 2013  |t 0  |l Remote Storage